000 00631nam a2200193 ar4500
001 3953
005 20221127090840.0
008 140825s xxk a 00010 eng d
020 _a870471210(pbk)
082 0 4 _a658.4013
_bM692 1994
100 1 _aMitchell, Anthony.
245 1 4 _aThe quality pocketbook /
_cby Anthony Mitchell.
260 _aAlresford, U.K :
_bManagement Pocketbooks,
_c1994
_g(2004 rep.).
300 _a107 p. :
_bill. ;
_c11x15 cm.
440 0 _aManagement pocketbook series.
650 4 _aQuality control
_vHandbooks, manuals, etc.
650 4 _aTotal quality management.
650 4 _aQuality function development.
999 _c3951
_d3951